000
00225nam a2200097Ia 4500
008
240331s9999 xx 000 0 und d
082
_b
SID
100
_a
Sidambaranathan, K
245
0
_a
Samooga maatrathukkana arangu
942
_c
L
999
_c
3711
_d
3711